Normal view
MARC view
- Paul H.E Meijer
Entry Personal Name
001 - CONTROL NUMBER
- control field: 125130
003 - CONTROL NUMBER IDENTIFIER
- control field: NUST
005 - DATE AND TIME OF LATEST TRANSACTION
- control field: 20240813171713.0
008 - FIXED-LENGTH DATA ELEMENTS
- fixed length control field: 240813|| aca||aabn | a|a d
040 ## - CATALOGING SOURCE
- Original cataloging agency: NUST
- Transcribing agency: NUST
100 ## - HEADING--PERSONAL NAME
- Personal name: Paul H.E Meijer
670 ## - SOURCE DATA FOUND
- Source citation: Work cat.: (NUST): Paul H.E Meijer, Group theory The application to Quantum mechanics , 1965.
